Chapter The Role of Adult Learning and Education in (Post-)Covid Times (Record no. 190405)

MARC details
000 -LEADER
fixed length control field 00488nmm a2200145Ia 4500
020 ## - INTERNATIONAL STANDARD BOOK NUMBER
ISBN 9791221501513
100 ## - MAIN ENTRY--PERSONAL NAME
Personal name Popovic, Katarina||Nišavić, Ivan
245 #0 - TITLE STATEMENT
Title Chapter The Role of Adult Learning and Education in (Post-)Covid Times
260 ## - PUBLICATION, DISTRIBUTION, ETC. (IMPRINT)
Place of publication Firenze University Press
Year of publication 2023
650 ## - SUBJECT ADDED ENTRY--TOPICAL TERM
Topical Term Adult Education
856 ## - ELECTRONIC LOCATION AND ACCESS
Uniform Resource Identifier https://directory.doabooks.org/handle/20.500.12854/112084
942 ## - ADDED ENTRY ELEMENTS (KOHA)
Koha item type
Holdings
Withdrawn status Lost status Damaged status Not for loan Permanent Location Current Location Date acquired Price effective from Koha item type
        Library and Documentation Division NCERT Library and Documentation Division NCERT 11/20/2024 11/20/2024